[Event "EU-ch 15th"]
[Site "Yerevan"]
[Date "2014.03.07"]
[Round "5"]
[White "Galojan, Lilit"]
[Black "Kanjaryan, Vladimir"]
[Result "1-0"]
[WhiteElo "2317"]
[BlackElo "2067"]
[PlyCount "91"]
[EventDate "2014.03.03"]
[EventType "swiss"]
[EventRounds "11"]
[EventCountry "ARM"]
[SourceTitle "CBM 160"]
[Source "ChessBase"]
[SourceDate "2014.05.15"]
[SourceVersion "1"]
[SourceVersionDate "2014.05.15"]
[SourceQuality "1"]

1. d4 d5 2. c4 dxc4 3. Nf3 Nf6 4. e3 Bg4 5. Bxc4 e6 6. h3 Bh5 7. 0-0 a6 8. a3 Nc6 9. b4 Be7 10. Bb2 0-0 11. Nbd2 Nd5 12. Re1 a5 13. b5 Na7 14. Rc1 c6 15. bxc6 Nxc6 16. e4 Nc7 17. Bb3 Ra6 18. g4 Bg6 19. Nc4 a4 20. Ba2 b5 21. Nce5 Nxe5 22. Nxe5 Bd6 23. f4 f6 24. Nxg6 hxg6 25. Qf3 b4 26. Bc4 bxa3 27. Ba1 Rb6 28. f5 g5 29. fxe6 Qe7 30. Rb1 Rfb8 31. Rxb6 Rxb6 32. e5 fxe5 33. Qf5 Rb3 34. Rf1 Rg3+ 35. Kf2 Rb3 36. Kg2 Nb5 37. Qf8+ Kh7 38. Qf5+ Kg8 39. Qf8+ Kh7 40. Qf5+ Kh8 41. Qe4 Nc3 42. Bxc3 Rxc3 43. Bd5 exd4 44. Rf7 d3 45. Qg6 Rc2+ 46. Kf3 1-0

[Event "EU-ch 15th"]
[Site "Yerevan"]
[Date "2014.03.03"]
[Round "1"]
[White "Paichadze, Luka"]
[Black "Kanjaryan, Vladimir"]
[Result "1-0"]
[WhiteElo "2529"]
[BlackElo "2067"]
[PlyCount "53"]
[EventDate "2014.03.03"]
[EventType "swiss"]
[EventRounds "11"]
[EventCountry "ARM"]
[SourceTitle "CBM 160"]
[Source "ChessBase"]
[SourceDate "2014.05.15"]
[SourceVersion "1"]
[SourceVersionDate "2014.05.15"]
[SourceQuality "1"]

1. e4 c5 2. Nf3 e6 3. c3 Nf6 4. e5 Nd5 5. d4 cxd4 6. cxd4 b6 7. Bd3 Ba6 8. Bxa6 Nxa6 9. 0-0 Be7 10. Nc3 Nac7 11. Ne4 0-0 12. Qd3 f5 13. exf6 Nxf6 14. Neg5 Qe8 15. Ne5 Qh5 16. f4 h6 17. Rf3 Qe8 18. Ng6 hxg5 19. Rh3 Bd6 20. Rh8+ Kf7 21. Nxf8 Bxf8 22. fxg5 Nfd5 23. g6+ Ke7 24. Bg5+ Kd6 25. Rc1 e5 26. Qg3 Qe6 27. Qa3+ 1-0

[Event "World ol U16 11th"]
[Site "Istanbul"]
[Date "2012.09.01"]
[Round "6.8"]
[White "Kanjaryan, Vladimir"]
[Black "Lorparizangeneh, Shahin"]
[Result "0-1"]
[WhiteElo "2091"]
[BlackElo "2201"]
[PlyCount "46"]
[EventDate "2012.08.29"]
[EventType "team-swiss"]
[EventRounds "10"]
[EventCountry "TUR"]
[SourceTitle "CBM 150 Extra"]
[Source "ChessBase"]
[SourceDate "2012.10.19"]
[SourceVersion "1"]
[SourceVersionDate "2012.10.19"]
[SourceQuality "1"]
[WhiteTeam "Armenia (U16)"]
[BlackTeam "Iran (U16)"]
[WhiteTeamCountry "ARM"]
[BlackTeamCountry "IRI"]

1. e4 c5 2. Nf3 d6 3. d4 cxd4 4. Nxd4 Nf6 5. Nc3 Nc6 6. Bg5 e6 7. Ndb5 a6 8. Bxf6 gxf6 9. Nd4 Bd7 10. Be2 Qb6 11. Nb3 Rg8 12. 0-0 0-0-0 13. a4 Kb8 14. a5 Qc7 15. Qd2 Ne5 16. Kh1 Rc8 17. Qd4 Be7 18. Rfc1 Bc6 19. Bf1 f5 20. exf5 Rg4 21. Qb6 Rcg8 22. Qxc7+ Kxc7 23. h3 Rxg2 0-1

[Event "EU-ch U16"]
[Site "Prague"]
[Date "2012.08.22"]
[Round "6"]
[White "Kanjaryan, Vladimir"]
[Black "De Vleeschauwer, Maarten"]
[Result "1/2-1/2"]
[WhiteElo "2091"]
[BlackElo "1996"]
[PlyCount "120"]
[EventDate "2012.08.17"]
[EventType "swiss"]
[EventRounds "9"]
[EventCountry "CZE"]
[SourceTitle "CBM 150 Extra"]
[Source "ChessBase"]
[SourceDate "2012.10.19"]
[SourceVersion "1"]
[SourceVersionDate "2012.10.19"]
[SourceQuality "1"]

1. e4 c5 2. Nf3 e6 3. d4 cxd4 4. Nxd4 Nc6 5. Nc3 Qc7 6. Be2 a6 7. 0-0 b5 8. Nxc6 dxc6 9. Be3 Nf6 10. a3 Be7 11. f4 0-0 12. Qe1 Bb7 13. Bd4 Rad8 14. Bxf6 Bxf6 15. e5 Be7 16. Ne4 c5 17. Bf3 c4 18. Kh1 Qb6 19. Qe2 Bxe4 20. Bxe4 Qd4 21. Rab1 Bc5 22. Rf3 g6 23. h4 Qd2 24. Qf1 Rd4 25. Re1 Rfd8 26. Kh2 Be7 27. c3 Rxe4 28. Rxe4 Qxb2 29. Re1 Bxh4 30. Rd1 Qxa3 31. Ra1 Qb3 32. Rh3 Be7 33. Rxa6 b4 34. cxb4 Qxb4 35. Rc6 Rd4 36. Rc8+ Kg7 37. Qc1 Rd3 38. Rxc4 Rxh3+ 39. Kxh3 Qb3+ 40. Rc3 Qd5 41. Kh2 Bb4 42. Rf3 Bd2 43. Qf1 h6 44. Kh3 h5 45. Qf2 Ba5 46. Kh2 Qe4 47. Qh4 Qd4 48. Qf6+ Kg8 49. Rb3 Bb6 50. Rb1 Ba7 51. Kh1 Qd7 52. Ra1 Qd4 53. Rc1 Qd7 54. Rb1 Qd3 55. Rc1 Qd7 56. Kh2 Bb6 57. Rb1 Ba7 58. Ra1 Qd4 59. Rc1 Bc5 60. Rb1 Ba7 1/2-1/2

[Event "EU-ch U16"]
[Site "Prague"]
[Date "2012.08.21"]
[Round "5"]
[White "Georgiadis, Nico"]
[Black "Kanjaryan, Vladimir"]
[Result "1-0"]
[WhiteElo "2345"]
[BlackElo "2091"]
[PlyCount "135"]
[EventDate "2012.08.17"]
[EventType "swiss"]
[EventRounds "9"]
[EventCountry "CZE"]
[SourceTitle "CBM 150 Extra"]
[Source "ChessBase"]
[SourceDate "2012.10.19"]
[SourceVersion "1"]
[SourceVersionDate "2012.10.19"]
[SourceQuality "1"]

1. e4 d5 2. exd5 Nf6 3. d4 Nxd5 4. Be2 g6 5. Nf3 Bg7 6. 0-0 0-0 7. c3 c6 8. Re1 Qc7 9. a4 Nd7 10. Bc4 Re8 11. Na3 a6 12. Nc2 h6 13. h3 b6 14. Ne3 Bb7 15. Ng4 Kh7 16. Qd2 h5 17. Nge5 Nxe5 18. Nxe5 Kg8 19. Bxd5 cxd5 20. Qf4 Bxe5 21. Rxe5 f6 22. Re6 Qxf4 23. Bxf4 a5 24. Rae1 Kf7 25. Rxb6 Ba6 26. Ree6 Bd3 27. Rec6 Rec8 28. Rxc8 Rxc8 29. Rb7 Rc6 30. Bc7 Bc2 31. Bxa5 Bxa4 32. b3 Ra6 33. Bd8 Ke8 34. Bxe7 Bxb3 35. Bxf6 Bc2 36. Be7 Bd3 37. Kh2 Kf7 38. Kg3 Ra2 39. Bg5+ Kg8 40. Rc7 Rc2 41. Bf6 Kf8 42. Bh4 Bf1 43. Kf3 Be2+ 44. Kf4 Bf1 45. Kg5 Bxg2 46. Kxg6 Bxh3 47. f4 Rg2+ 48. Bg5 Rf2 49. Rh7 Ke8 50. Re7+ Kf8 51. Re3 Bd7 52. Bh6+ Kg8 53. Re7 Rg2+ 54. Bg5 Bb5 55. f5 h4 56. Rg7+ Kf8 57. Rh7 Kg8 58. Rg7+ Kf8 59. Rh7 Kg8 60. Rxh4 Bd3 61. Kf6 Rf2 62. Bf4 Be4 63. Ke7 Ra2 64. Rg4+ Kh7 65. f6 Bg6 66. Rh4+ Kg8 67. f7+ Bxf7 68. Rg4+ 1-0

[Event "EU-ch U16"]
[Site "Prague"]
[Date "2012.08.20"]
[Round "4"]
[White "Kanjaryan, Vladimir"]
[Black "Fontaine, Quentin"]
[Result "1-0"]
[WhiteElo "2091"]
[BlackElo "1916"]
[PlyCount "71"]
[EventDate "2012.08.17"]
[EventType "swiss"]
[EventRounds "9"]
[EventCountry "CZE"]
[SourceTitle "CBM 150 Extra"]
[Source "ChessBase"]
[SourceDate "2012.10.19"]
[SourceVersion "1"]
[SourceVersionDate "2012.10.19"]
[SourceQuality "1"]

1. e4 g6 2. d4 Bg7 3. Nf3 d6 4. Bc4 Nf6 5. Qe2 0-0 6. 0-0 c6 7. Re1 d5 8. exd5 cxd5 9. Bd3 Nc6 10. c3 Bg4 11. Bg5 Rc8 12. Nbd2 h6 13. Bh4 g5 14. Bg3 Nh5 15. Qe3 Nxg3 16. hxg3 Bxf3 17. Nxf3 e6 18. g4 Re8 19. g3 a6 20. Ne5 b5 21. Kg2 Na5 22. b3 Nc6 23. Rac1 Qb6 24. f4 f6 25. Nd7 Qa7 26. Nc5 e5 27. Bf5 exd4 28. Be6+ Kh8 29. cxd4 Nd8 30. Bxc8 Rxe3 31. Rxe3 Qf7 32. Rce1 Bf8 33. Re8 Nc6 34. Nd7 Kg7 35. Rxf8 Qg6 36. f5 1-0

[Event "EU-ch U16"]
[Site "Prague"]
[Date "2012.08.18"]
[Round "2"]
[White "Kanjaryan, Vladimir"]
[Black "Hros, Roman"]
[Result "1-0"]
[WhiteElo "2091"]
[BlackElo "1935"]
[PlyCount "139"]
[EventDate "2012.08.17"]
[EventType "swiss"]
[EventRounds "9"]
[EventCountry "CZE"]
[SourceTitle "CBM 150 Extra"]
[Source "ChessBase"]
[SourceDate "2012.10.19"]
[SourceVersion "1"]
[SourceVersionDate "2012.10.19"]
[SourceQuality "1"]

1. e4 e5 2. Nf3 Nc6 3. Bb5 a6 4. Ba4 Nf6 5. d3 d6 6. c3 Be7 7. Nbd2 Bd7 8. 0-0 0-0 9. Re1 Re8 10. Nf1 Bf8 11. Ng3 g6 12. h3 Bg7 13. Bb3 Na5 14. Bc2 c5 15. Bg5 Qb6 16. b3 Nc6 17. Qd2 Be6 18. Rad1 d5 19. exd5 Bxd5 20. Ne4 Bxe4 21. dxe4 Rad8 22. Qe3 Qa7 23. Nd2 b5 24. Bd3 Rd7 25. Be2 Red8 26. Nf1 Rxd1 27. Rxd1 Rxd1 28. Bxd1 Qe7 29. Qd3 Qd8 30. Be2 Qxd3 31. Bxd3 c4 32. Bxf6 cxb3 33. axb3 Bxf6 34. Ne3 Kf8 35. b4 Be7 36. Nd5 Bd6 37. Kf1 h6 38. Ke2 Ke8 39. Kd2 Ne7 40. Nf6+ Kd8 41. Kc2 Nc6 42. Kb3 h5 43. Nd5 h4 44. c4 bxc4+ 45. Bxc4 Nb8 46. Ne3 Ke7 47. Bd5 Bc7 48. Bb7 Kd6 49. f3 Ke6 50. Ka4 Kf6 51. Nc4 Ke7 52. Na5 Kd6 53. Bd5 f5 54. Nb7+ Ke7 55. Na5 Kd6 56. Bc4 fxe4 57. fxe4 Bxa5 58. Kxa5 Nc6+ 59. Ka4 Nb8 60. Bd5 Nd7 61. Ka5 Nf6 62. Bb7 Nh5 63. Kxa6 Nf4 64. b5 Nxg2 65. b6 Nf4 66. Bc8 Nd3 67. b7 Nc5+ 68. Kb6 Nxb7 69. Bxb7 Kd7 70. Ba6 1-0

[Event "Moscow Dvorkovich Cup U16 7th"]
[Site "Moscow"]
[Date "2012.07.05"]
[Round "6.3"]
[White "Kanjaryan, Vladimir"]
[Black "Dastan, Batuhan Muhammed"]
[Result "0-1"]
[WhiteElo "2116"]
[BlackElo "2272"]
[PlyCount "102"]
[EventDate "2012.06.29"]
[EventType "team-swiss"]
[EventRounds "7"]
[EventCountry "RUS"]
[SourceTitle "CBM 149 Extra"]
[Source "ChessBase"]
[SourceDate "2012.08.24"]
[SourceVersion "1"]
[SourceVersionDate "2012.08.24"]
[SourceQuality "1"]
[WhiteTeam "Armenia U16"]
[BlackTeam "Turkey U16"]
[WhiteTeamCountry "ARM"]
[BlackTeamCountry "TUR"]

1. e4 c5 2. Nf3 d6 3. d4 Nf6 4. Nc3 cxd4 5. Nxd4 g6 6. Be2 Bg7 7. Bg5 Nc6 8. Nb3 0-0 9. 0-0 Be6 10. Kh1 Rc8 11. f4 a6 12. f5 Bd7 13. Qc1 Ne5 14. Bh6 b5 15. Bxg7 Kxg7 16. a3 a5 17. Nd4 b4 18. axb4 axb4 19. Nd5 Nxd5 20. exd5 Rc5 21. Qd2 Qc7 22. Rad1 f6 23. Qxb4 Rb8 24. Qa3 Ra5 25. Qe3 Rxb2 26. Bf3 Qc5 27. fxg6 hxg6 28. Be4 Ra3 29. Qc1 Rb8 30. Nb3 Qa7 31. Qf4 Ra4 32. Nd2 Bg4 33. Rde1 f5 34. Qg3 fxe4 35. Nxe4 Rf8 36. Rxf8 Kxf8 37. Qh4 Bh5 38. Qf4+ Kg7 39. Rf1 Qa8 40. h3 Ra1 41. g4 Bxg4 42. hxg4 Rxf1+ 43. Qxf1 Nxg4 44. Qe2 Qh8+ 45. Kg1 Qh3 46. Qd3 Qh2+ 47. Kf1 Qh1+ 48. Ke2 Qg2+ 49. Ke1 Ne5 50. Qe2 Nf3+ 51. Kd1 Qg1+ 0-1

[Event "Moscow Dvorkovich Cup U16 7th"]
[Site "Moscow"]
[Date "2012.06.30"]
[Round "2.3"]
[White "Kanjaryan, Vladimir"]
[Black "Golubov, Saveliy"]
[Result "0-1"]
[WhiteElo "2116"]
[BlackElo "2094"]
[PlyCount "50"]
[EventDate "2012.06.29"]
[EventType "team-swiss"]
[EventRounds "7"]
[EventCountry "RUS"]
[SourceTitle "CBM 149 Extra"]
[Source "ChessBase"]
[SourceDate "2012.08.24"]
[SourceVersion "1"]
[SourceVersionDate "2012.08.24"]
[SourceQuality "1"]
[WhiteTeam "Armenia U16"]
[BlackTeam "Russia U16"]
[WhiteTeamCountry "ARM"]
[BlackTeamCountry "RUS"]

1. e4 e6 2. d4 d5 3. e5 c5 4. c3 Nc6 5. Nf3 Bd7 6. Bd3 Qb6 7. dxc5 Bxc5 8. 0-0 Qc7 9. Qe2 Nge7 10. b4 Bb6 11. a4 a6 12. Re1 Ng6 13. h4 f6 14. exf6 gxf6 15. Na3 Nf4 16. Qd2 Nh3+ 17. Kf1 Nxf2 18. a5 Ba7 19. Re2 Ng4 20. Qf4 Qxf4 21. Bxf4 Kf7 22. Bd2 e5 23. Rae1 e4 24. Bxe4 dxe4 25. Rxe4 Bf5 0-1

[Event "EU-ch U14"]
[Site "Batumi"]
[Date "2010.09.21"]
[Round "2"]
[White "Izzat, Kanan Azar"]
[Black "Kanjaryan, Vladimir"]
[Result "1-0"]
[WhiteElo "2139"]
[BlackElo "1953"]
[PlyCount "73"]
[EventDate "2010.09.20"]
[EventType "swiss"]
[EventRounds "9"]
[EventCountry "GEO"]
[SourceTitle "CBM 138 Extra"]
[Source "ChessBase"]
[SourceDate "2010.10.29"]
[SourceVersion "1"]
[SourceVersionDate "2010.10.29"]
[SourceQuality "1"]

1. e4 e5 2. Nf3 Nc6 3. Bb5 a6 4. Ba4 Nf6 5. d4 Nxd4 6. Nxd4 exd4 7. 0-0 Be7 8. Re1 0-0 9. e5 Nd5 10. Bb3 Nb6 11. Qxd4 d5 12. exd6 Bxd6 13. Bf4 Bxf4 14. Qxf4 Bd7 15. Nc3 c6 16. Rad1 Qb8 17. Qf3 Be6 18. Bxe6 fxe6 19. Qe3 Qc7 20. Qxe6+ Qf7 21. f3 Rfe8 22. Qxf7+ Kxf7 23. Ne4 Rad8 24. Kf2 Nc8 25. Nc5 Rxe1 26. Rxd8 Rc1 27. Rd2 Ra1 28. a3 Nb6 29. Nxb7 Ra2 30. b3 Rxa3 31. Rd6 Ra2 32. Rxc6 Nd5 33. Nd6+ Kf8 34. Nf5 Nb4 35. Rc8+ Kf7 36. Rc7+ Kf6 37. Ne3 1-0

[Event "Tbilisi Cup"]
[Site "Tbilisi"]
[Date "2010.05.15"]
[Round "1"]
[White "Babujian, Levon"]
[Black "Kanjaryan, Vladimir"]
[Result "1-0"]
[WhiteElo "2484"]
[BlackElo "1942"]
[PlyCount "40"]
[EventDate "2010.05.15"]
[EventType "swiss"]
[EventRounds "9"]
[EventCountry "GEO"]
[SourceTitle "CBM 136 Extra"]
[Source "ChessBase"]
[SourceDate "2010.07.02"]
[SourceVersion "2"]
[SourceVersionDate "2010.07.15"]
[SourceQuality "1"]

1. e4 d5 2. exd5 Nf6 3. Nf3 Nxd5 4. Bc4 Bg4 5. Nc3 e6 6. h3 Bh5 7. d3 Be7 8. Qe2 Nxc3 9. bxc3 0-0 10. g4 Bg6 11. h4 h5 12. Ne5 Bxh4 13. Ba3 Re8 14. Nxg6 fxg6 15. gxh5 Qf6 16. d4 gxh5 17. Qxh5 Qxf2+ 18. Kd1 Nd7 19. Qxh4 Qe3 20. Qh3 Qe4 1-0

[Event "Moscow op-B"]
[Site "Moscow"]
[Date "2009.02.06"]
[Round "7"]
[White "Murzin, Sergey"]
[Black "Kanjaryan, Vladimir"]
[Result "1-0"]
[WhiteElo "2160"]
[BlackElo "1877"]
[PlyCount "67"]
[EventDate "2009.01.31"]
[EventType "swiss"]
[EventRounds "9"]
[EventCountry "RUS"]
[SourceTitle "EXT 2012"]
[Source "ChessBase"]
[SourceDate "2011.11.24"]
[SourceVersion "1"]
[SourceVersionDate "2011.11.24"]
[SourceQuality "1"]

1. c4 e6 2. g3 d5 3. Bg2 c6 4. Qc2 Nf6 5. Nf3 Nbd7 6. d4 Bd6 7. 0-0 0-0 8. b3 Re8 9. Bb2 e5 10. dxe5 Nxe5 11. Nxe5 Bxe5 12. Bxe5 Rxe5 13. cxd5 cxd5 14. e3 Bf5 15. Qb2 Qe7 16. Nd2 Be4 17. Nxe4 dxe4 18. Rad1 Nd5 19. a3 h6 20. Rd4 f5 21. Rfd1 Nb6 22. a4 Rc8 23. b4 Qe6 24. Bf1 Nxa4 25. Qa1 b5 26. Rd7 a6 27. R1d6 Qe8 28. Qd4 Kh7 29. Bh3 Rc1+ 30. Kg2 Qh5 31. Rxg7+ Kxg7 32. Qxe5+ Kg8 33. Rd8+ Kh7 34. Bxf5+ 1-0

[Event "Moscow op-B"]
[Site "Moscow"]
[Date "2009.02.05"]
[Round "6"]
[White "Kanjaryan, Vladimir"]
[Black "Antonov, Alexandr"]
[Result "1-0"]
[WhiteElo "1877"]
[BlackElo "2121"]
[PlyCount "121"]
[EventDate "2009.01.31"]
[EventType "swiss"]
[EventRounds "9"]
[EventCountry "RUS"]
[SourceTitle "EXT 2012"]
[Source "ChessBase"]
[SourceDate "2011.11.24"]
[SourceVersion "1"]
[SourceVersionDate "2011.11.24"]
[SourceQuality "1"]

1. e4 e6 2. d4 d5 3. Nc3 Bb4 4. exd5 exd5 5. Bd3 Nf6 6. Bg5 h6 7. Bh4 Be6 8. Nge2 c6 9. 0-0 0-0 10. Nf4 Re8 11. Re1 Bd7 12. Rxe8+ Bxe8 13. Qf3 Nbd7 14. Nh5 g5 15. Bg3 Nxh5 16. Qxh5 Bf8 17. Qg4 Nf6 18. Qf3 Bg7 19. Be5 Bd7 20. h3 Be6 21. Ne2 Nd7 22. Bxg7 Kxg7 23. Ng3 Qc7 24. Re1 Nf6 25. c3 Qf4 26. Qxf4 gxf4 27. Nf5+ Bxf5 28. Bxf5 Re8 29. Rxe8 Nxe8 30. Kf1 Kf6 31. Bd3 Kg5 32. Ke2 h5 33. Kf3 Nd6 34. h4+ Kf6 35. Kxf4 b6 36. b4 a5 37. a3 axb4 38. axb4 b5 39. f3 Nc8 40. g4 Nb6 41. Ke3 Kg7 42. g5 Na4 43. Kd2 Nb6 44. f4 Na4 45. f5 f6 46. Be2 Nb6 47. Bxh5 Nc4+ 48. Ke2 Nd6 49. Bg6 Ne4 50. Kd3 fxg5 51. hxg5 Kf8 52. f6 Nxg5 53. Ke3 Ne6 54. Kf3 Nc7 55. Kf4 Na8 56. Ke5 Nb6 57. Kd6 Na4 58. Kxc6 Nxc3 59. Kd6 Ne2 60. Kxd5 Nc3+ 61. Ke5 1-0